El silencio de la luz / (Record no. 186229)

MARC details
000 -LEADER
campo de control de longitud fija 00753nam a2200241 i 4500
001 - NÚMERO DE CONTROL
campo de control 186229
003 - IDENTIFICADOR DE NÚMERO DE CONTROL
campo de control SpMaBN
005 - FECHA Y HORA DE LA ÚLTIMA TRANSACCIÓN
campo de control 20231201193419.0
008 - DATOS DE LONGITUD FIJA--INFORMACIÓN GENERAL
campo de control de longitud fija 160923s2015 sp |||| | spa d
020 ## - NÚMERO INTERNACIONAL ESTÁNDAR DEL LIBRO
Número Internacional Estándar del Libro 978-84-16447-01-5
080 ## - NÚMERO DE LA CLASIFICACIÓN DECIMAL UNIVERSAL
Número de la Clasificación Decimal Universal 821.134.2-14"19"
100 1# - ENTRADA PRINCIPAL--NOMBRE DE PERSONA
Nombre de persona Ortega, Salomé.
9 (RLIN) 87429
245 13 - MENCIÓN DEL TÍTULO
Título El silencio de la luz /
Mención de responsabilidad, etc. Salomé Ortega ; prólogo de Luis Eduardo Aute.
250 ## - MENCION DE EDICION
Mención de edición 1ª ed.
260 ## - PUBLICACIÓN, DISTRIBUCIÓN, ETC.
Lugar de publicación, distribución, etc. Madrid :
Nombre del editor, distribuidor, etc. Pigmalión Edypro,
Fecha de publicación, distribución, etc. 2015.
300 ## - DESCRIPCIÓN FÍSICA
Extensión 120 p. ;
Dimensiones 21 cm.
490 1# - MENCIÓN DE SERIE
Mención de serie Poesía Pigmalión
700 1# - ENTRADA AGREGADA--NOMBRE PERSONAL
Nombre de persona Aute, Luis Eduardo.
9 (RLIN) 23974
830 0# - PUNTO DE ACCESO ADICIONAL DE SERIE-TÍTULO UNIFORME
Título uniforme Poesía Pigmalión
9 (RLIN) 225371
852 ## - LOCALIZACIÓN
Ubicación ES-MaACL
Número de control de estantería A-13819
itemnumber 193284
Sublocalización o colección R.150896
Ubicación en estantería Depósito 1
Signatura antigua Olim: N-6819
942 ## - ELEMENTOS DE ENTRADA SECUNDARIOS (KOHA)
Fuente del sistema de clasificación o colocación Clasificación decimal universal
Tipo de ítem Koha Libro impreso
Holdings
Estatus retirado Estado de pérdida Fuente del sistema de clasificación o colocación Estado de daño No para préstamo Biblioteca de origen Biblioteca actual Ubicación en estantería Fecha de adquisición Fuente de adquisición Total de préstamos Signatura topográfica completa Código de barras Visto por última vez Precio de reemplazo Tipo de ítem Koha
    Clasificación decimal universal     Biblioteca del Ateneo de Madrid Biblioteca del Ateneo de Madrid Depósito 1 23/09/2016 Donación   A-13819 1196347 23/02/2023 23/02/2023 Libro impreso